000 00492nam a2200145 a 4500
008 120416s1967 ||||||||||||||||| || u
050 _aTK 6553 Mar
100 _aMarcus, William
245 1 0 _aElements of radio servicing
250 _a3rd.ed
260 _aNew York
_bMcGraw-Hill
_c1967
300 _avi, 426p. : ill
350 _a0.00
995 _D0.00
_FCBU-MAIN LIBRARY (Kitwe)
_H1
_I27.25
_UAVAILABLE
_ZMain Library Open Access Collection
999 _c41681
_d41681